000
00316nam a2200121Ia 4500
008
190905s9999||||xx |||||||||||||| ||und||
020
_a
978-93-325-8466-2
100
_a
K.N.Shubhanga
245
0
_a
Power System Analysis , A Dynamic Perspective
260
_a
New Delhi
_b
Pearson
_c
2018
300
_a
784
942
_c
BK
999
_c
5881
_d
5881